35 territoires indépendantistes - Statistiques

Statistiques générales
  • Ce quiz a été pris 159 fois
    105 depuis la dernière actualisation
  • Le résultat moyen est 16 sur 35
Réponses sur la Carte
Les réponses sont colorées sur une échelle allant du rouge au vert en fonction du pourcentage des utilisateurs qui les ont devinées à leur premier essai. Vous pouvez retrouver ces pourcentages ci-dessous.
 
Statistiques - réponses
Réponse % Correct
Sahara Occidental
77%
Alaska
72%
Groenland
72%
La Réunion
72%
Québec
68%
Le Cap
62%
Sibérie
62%
Somaliland
58%
Tibet
58%
Canaries
57%
Kabylie
57%
Alsace
55%
Mongolie Intérieure
55%
Togoland
55%
Açores
53%
Laponie
53%
Zanzibar
51%
Bavière
49%
Kurdistan
47%
Barbuda
45%
Darfour
40%
Turkestan oriental
36%
Cascadie
28%
Chiapas
28%
Pays Toubou
28%
Araucanie (Mapuche)
26%
Biafra
26%
Tigré
26%
Khalistan
25%
Touva
25%
Mombasa
21%
Ambazonie
19%
Lakota
19%
Casamance
17%
Barotseland
13%
Aucun quiz correspondant
Distribution des résultats
% des personnes avec chaque résultat
Percentile par nombre de réponses
Votre historique - résultats
Vous n’avez pas pris ce quiz depuis la dernière actualisation